[Event "Benidorm 2010 - Sub-2000"]
[Site "Benidorm ESP"]
[Date "2010.12.08"]
[Round "7.47"]
[White "Garcia Perez, Ramon"]
[Black "Navarro Martinez, Daniel"]
[Result "1-0"]
[WhiteElo "1857"]
[BlackElo "1941"]
[PlyCount "65"]
[EventDate "2010.12.03"]
[EventType "swiss"]
[EventRounds "10"]
[EventCountry "ESP"]
[Source "lmi"]
[SourceDate "2010.12.03"]

1. e4 e5 2. Bc4 Nf6 3. d3 c6 4. Nf3 d5 5. Bb3 Bd6 6. O-O O-O 7. Nc3 dxe4 8.
Nxe4 Nxe4 9. dxe4 Na6 10. c3 Nc5 11. Bc2 Ne6 12. Be3 b6 13. Qd2 Qe7 14. Rad1
Rd8 15. Qc1 Bb7 16. Rd2 Rd7 17. Rfd1 Rad8 18. g3 g5 19. a3 Qf6 20. Kg2 Qg6 21.
Nxe5 Bxe5 22. Rxd7 Rxd7 23. Rxd7 Bc8 24. Rd2 Nf4+ 25. Bxf4 Bxf4 26. Rd8+ Kg7
27. Qd1 Be6 28. gxf4 gxf4+ 29. Kh1 Bg4 30. f3 Bh5 31. Qd4+ Kh6 32. Bd1 Kg5 33.
Rg8 1-0

[Event "Benidorm 2010 - Sub-2000"]
[Site "Benidorm ESP"]
[Date "2010.12.08"]
[Round "7.49"]
[White "Castan Sanclemente, Alejandro"]
[Black "Lucas Navas, Jose Manuel"]
[Result "1-0"]
[WhiteElo "1814"]
[BlackElo "1915"]
[PlyCount "51"]
[EventDate "2010.12.03"]
[EventType "swiss"]
[EventRounds "10"]
[EventCountry "ESP"]
[Source "lmi"]
[SourceDate "2010.12.03"]

1. d4 d5 2. c4 c6 3. Nc3 Nf6 4. Nf3 e6 5. e3 a6 6. Bd3 dxc4 7. Bxc4 b5 8. Bd3
Bb7 9. O-O Be7 10. Re1 O-O 11. e4 c5 12. dxc5 Bxc5 13. e5 Bxf3 14. Qxf3 Nd5 15.
Ne4 Bb4 16. Qh3 Bxe1 17. Bg5 Qb6 18. Rxe1 Nd7 19. Nc5 g6 20. Nxd7 Qa5 21. Rc1
Rac8 22. Nxf8 Rxc1+ 23. Bxc1 Qe1+ 24. Bf1 Qxc1 25. Nxh7 Nf4 26. Nf6+ 1-0

[Event "Benidorm 2010 - Sub-2000"]
[Site "Benidorm ESP"]
[Date "2010.12.08"]
[Round "7.52"]
[White "Fernandez Gil, Ruben Carlos"]
[Black "Tirado Parra, Alberto"]
[Result "1-0"]
[WhiteElo "1794"]
[BlackElo "1908"]
[PlyCount "41"]
[EventDate "2010.12.03"]
[EventType "swiss"]
[EventRounds "10"]
[EventCountry "ESP"]
[Source "lmi"]
[SourceDate "2010.12.03"]

1. e4 e5 2. Nf3 d6 3. d4 Nd7 4. c4 Ngf6 5. Nc3 Be7 6. g3 O-O 7. Bg2 c6 8. O-O
a5 9. h3 Re8 10. Qc2 exd4 11. Nxd4 Nc5 12. Bf4 Bf8 13. Rfe1 Nh5 14. Be3 g6 15.
Rad1 Ng7 16. Nxc6 bxc6 17. Bxc5 Ne6 18. Be3 Qe7 19. e5 dxe5 20. Bxc6 Bb7 21.
Nd5 1-0

[Event "Benidorm 2010 - Sub-2000"]
[Site "Benidorm ESP"]
[Date "2010.12.08"]
[Round "7.53"]
[White "Perez Guerra, Alberto"]
[Black "Outeiro Padin, Heladio"]
[Result "0-1"]
[WhiteElo "1772"]
[BlackElo "1899"]
[PlyCount "44"]
[EventDate "2010.12.03"]
[EventType "swiss"]
[EventRounds "10"]
[EventCountry "ESP"]
[Source "lmi"]
[SourceDate "2010.12.03"]

1. e4 e6 2. d4 d5 3. e5 c5 4. c3 Qb6 5. Nf3 Nc6 6. a3 Bd7 7. b4 cxd4 8. cxd4
Nh6 9. Bb2 Rc8 10. Be2 Be7 11. Nc3 Na5 12. Na4 Bxa4 13. Qxa4+ Nc6 14. Bc3 Nf5
15. b5 Nxe5 16. dxe5 Rxc3 17. g4 Nh4 18. Nxh4 Bxh4 19. O-O O-O 20. Qf4 f6 21.
Qb4 Rc2 22. Bd3 Rxf2 0-1

[Event "Benidorm 2010 - Sub-2000"]
[Site "Benidorm ESP"]
[Date "2010.12.08"]
[Round "7.55"]
[White "Sanchez, Tapia Luis"]
[Black "Gutierrez Martin, Angel"]
[Result "1/2-1/2"]
[WhiteElo "1655"]
[BlackElo "1898"]
[PlyCount "32"]
[EventDate "2010.12.03"]
[EventType "swiss"]
[EventRounds "10"]
[EventCountry "ESP"]
[Source "lmi"]
[SourceDate "2010.12.03"]

1. e4 c5 2. Nf3 e6 3. d4 cxd4 4. Nxd4 a6 5. Be2 Nf6 6. Bf3 Qc7 7. O-O Be7 8.
Re1 d6 9. b3 O-O 10. Bb2 Rd8 11. c4 Nc6 12. Nxc6 bxc6 13. Nc3 Rb8 14. Re2 e5
15. Rd2 Be6 16. Qe2 c5 1/2-1/2

[Event "Benidorm 2010 - Sub-2000"]
[Site "Benidorm ESP"]
[Date "2010.12.08"]
[Round "7.64"]
[White "Perez Lopez, Alfonso"]
[Black "Molvig, Julius"]
[Result "1-0"]
[WhiteElo "1919"]
[BlackElo "1813"]
[PlyCount "43"]
[EventDate "2010.12.03"]
[EventType "swiss"]
[EventRounds "10"]
[EventCountry "ESP"]
[Source "lmi"]
[SourceDate "2010.12.03"]

1. c4 Nf6 2. Nc3 g6 3. Nf3 Bg7 4. g3 O-O 5. d4 d6 6. Bg2 c5 7. O-O Nc6 8. d5
Na5 9. Qd3 b6 10. b3 Bf5 11. Qe3 b5 12. cxb5 Nxd5 13. Nxd5 Bxa1 14. Nxe7+ Kh8
15. Nxf5 gxf5 16. Nh4 Rc8 17. Nxf5 Re8 18. Qd2 Qc7 19. Bb2+ Bxb2 20. Qxb2+ f6
21. Qxf6+ Kg8 22. Nh6# 1-0

[Event "Benidorm 2010 - Sub-2000"]
[Site "Benidorm ESP"]
[Date "2010.12.08"]
[Round "7.70"]
[White "Marce Miracle, Joan"]
[Black "Alameda Verdu, Andres"]
[Result "1-0"]
[WhiteElo "1759"]
[BlackElo "1887"]
[PlyCount "41"]
[EventDate "2010.12.03"]
[EventType "swiss"]
[EventRounds "10"]
[EventCountry "ESP"]
[Source "lmi"]
[SourceDate "2010.12.03"]

1. d4 Nf6 2. c4 g6 3. Nc3 d5 4. cxd5 Nxd5 5. Nf3 Bg7 6. e3 O-O 7. Be2 c5 8. O-O
Nc6 9. a3 cxd4 10. exd4 Bf5 11. Qb3 Nb6 12. Be3 Be6 13. Qc2 Rc8 14. Rac1 Nd5
15. Bd3 Re8 16. Ng5 Nxe3 17. fxe3 Qd7 18. Qf2 f6 19. Nxe6 Qxe6 20. d5 Qd6 21.
Nb5 1-0

[Event "Benidorm 2010 - Sub-2000"]
[Site "Benidorm ESP"]
[Date "2010.12.08"]
[Round "7.77"]
[White "Ayza Casamitjana, Antoni"]
[Black "Sierra Bermejo, Gregorio"]
[Result "1-0"]
[WhiteElo "1871"]
[BlackElo "1718"]
[PlyCount "57"]
[EventDate "2010.12.03"]
[EventType "swiss"]
[EventRounds "10"]
[EventCountry "ESP"]
[Source "lmi"]
[SourceDate "2010.12.03"]

1. e4 g6 2. d4 Bg7 3. Nf3 d6 4. Bc4 Nc6 5. O-O e6 6. c3 Nge7 7. Be3 Bd7 8. Qd2
h6 9. b4 a5 10. b5 Na7 11. a4 Nac8 12. Bd3 g5 13. Ne1 Ng6 14. f4 gxf4 15. Bxf4
e5 16. Be3 Nb6 17. d5 Qe7 18. Nf3 O-O-O 19. Qf2 Rdf8 20. Bxb6 Nf4 21. Bc4 Bh3
22. Ne1 cxb6 23. Qxb6 Bxg2 24. Nxg2 Qg5 25. Ra2 f5 26. Qa7 b6 27. Qxb6 Rf7 28.
Qa6+ Rb7 29. b6 1-0

[Event "Benidorm 2010 - Sub-2000"]
[Site "Benidorm ESP"]
[Date "2010.12.09"]
[Round "8.1"]
[White "Mingarro Carceller, Sergio"]
[Black "Shen, Yue"]
[Result "1-0"]
[WhiteElo "1917"]
[BlackElo "1911"]
[PlyCount "83"]
[EventDate "2010.12.03"]
[EventType "swiss"]
[EventRounds "10"]
[EventCountry "ESP"]
[Source "lmi"]
[SourceDate "2010.12.03"]

1. e4 c5 2. c3 Qa5 3. Nf3 Nc6 4. Be2 d6 5. O-O Nf6 6. d3 c4 7. dxc4 Nxe4 8. Nd4
Bd7 9. Bf3 Nf6 10. Qb3 Qc7 11. Nb5 Qc8 12. Re1 Qb8 13. Bf4 e5 14. c5 Be6 15.
Qd1 a6 16. Nd4 d5 17. Nxc6 bxc6 18. Bxe5 Qb7 19. b4 Nd7 20. Bd4 a5 21. a3 Be7
22. Bg4 O-O 23. Nd2 Bxg4 24. Qxg4 Bf6 25. Re7 Bxd4 26. Qxd4 Qc8 27. a4 axb4 28.
cxb4 Re8 29. Rxe8+ Qxe8 30. Nb3 Rxa4 31. Na5 Nxc5 32. Rc1 Rxa5 33. bxa5 Nb3 34.
Qe3 Qxe3 35. fxe3 Nxa5 36. Ra1 Kf8 37. Rxa5 Ke7 38. Kf2 h5 39. Ke2 g6 40. Kd3
Ke6 41. Ra6 Kd6 42. e4 1-0

[Event "Benidorm 2010 - Sub-2000"]
[Site "Benidorm ESP"]
[Date "2010.12.09"]
[Round "8.2"]
[White "Cuevas Silva, Angel"]
[Black "Bote Kobolo, Benjamin"]
[Result "0-1"]
[WhiteElo "1963"]
[BlackElo "1991"]
[PlyCount "58"]
[EventDate "2010.12.03"]
[EventType "swiss"]
[EventRounds "10"]
[EventCountry "ESP"]
[Source "lmi"]
[SourceDate "2010.12.03"]

1. e4 Nc6 2. d4 e5 3. d5 Nce7 4. Nf3 Ng6 5. Be2 Bc5 6. O-O Nf6 7. Nc3 O-O 8.
Qd3 a6 9. Na4 Ba7 10. c4 d6 11. b4 Nh5 12. Ba3 Nhf4 13. Qd2 Qd7 14. Nc3 Nxg2
15. Kxg2 Qh3+ 16. Kh1 Nf4 17. Rg1 Bxf2 18. Raf1 Bxg1 19. Rxg1 f5 20. Rg3 Qh6
21. c5 fxe4 22. Nxe4 Bf5 23. Nfg5 Qh4 24. Bf3 h6 25. Ne6 Nxe6 26. Nc3 Nd4 27.
Bg2 Rf6 28. Ne2 Be4 29. Qe1 Bxg2+ 0-1

[Event "Benidorm 2010 - Sub-2000"]
[Site "Benidorm ESP"]
[Date "2010.12.09"]
[Round "8.3"]
[White "Rubio Tent, Francisco"]
[Black "Picazo Gonzalez, Alejandro"]
[Result "1-0"]
[WhiteElo "1980"]
[BlackElo "1955"]
[PlyCount "85"]
[EventDate "2010.12.03"]
[EventType "swiss"]
[EventRounds "10"]
[EventCountry "ESP"]
[Source "lmi"]
[SourceDate "2010.12.03"]

1. e4 e5 2. Nf3 Nc6 3. Bb5 Nf6 4. d4 Nxe4 5. Qe2 Nd6 6. Bxc6 dxc6 7. dxe5 Nf5
8. O-O Be6 9. Bg5 Qd5 10. Nc3 Qc4 11. Rfd1 h6 12. Qxc4 Bxc4 13. g4 hxg5 14.
gxf5 Bb4 15. Rd4 b5 16. Nxg5 Rh5 17. h4 c5 18. Rf4 Bxc3 19. bxc3 Rd8 20. Re1
Rd2 21. f6 g6 22. e6 Rxg5+ 23. hxg5 Bxe6 24. Rh4 Kd7 25. a4 a6 26. axb5 axb5
27. Rc1 Kd6 28. f4 Re2 29. Rh2 Re3 30. Rd1+ Kc6 31. Rd3 Re4 32. Rf3 Bd5 33. Kf2
Ra4 34. Rh7 Ra2 35. f5 Rxc2+ 36. Kg3 Bxf3 37. fxg6 fxg6 38. f7 Rg2+ 39. Kxf3
Rg1 40. Kf2 Rxg5 41. f8=Q Rf5+ 42. Qxf5 gxf5 43. Ke3 1-0

[Event "Benidorm 2010 - Sub-2000"]
[Site "Benidorm ESP"]
[Date "2010.12.09"]
[Round "8.4"]
[White "Gomez Peco, David"]
[Black "Dimitrijevic, Dragan"]
[Result "1-0"]
[WhiteElo "1993"]
[BlackElo "1949"]
[PlyCount "91"]
[EventDate "2010.12.03"]
[EventType "swiss"]
[EventRounds "10"]
[EventCountry "ESP"]
[Source "lmi"]
[SourceDate "2010.12.03"]

1. e4 c5 2. Nf3 d6 3. d4 cxd4 4. Nxd4 Nf6 5. Nc3 a6 6. Bg5 e6 7. f4 Nbd7 8. Qe2
Qc7 9. O-O-O b5 10. a3 Bb7 11. g3 Be7 12. Bg2 O-O-O 13. Rhe1 e5 14. Nf5 Bf8 15.
Qd2 Nb6 16. Bxf6 gxf6 17. Nd5 Nxd5 18. exd5 Kb8 19. Kb1 Rc8 20. Rc1 Qd7 21. Be4
Rc5 22. Qd3 Be7 23. fxe5 fxe5 24. Nxe7 Qxe7 25. Rf1 h5 26. Rf2 Rg8 27. Rcf1 Rg7
28. Rf6 Bc8 29. Rh6 Rg4 30. Rff6 Rc4 31. Bg2 e4 32. Qe3 h4 33. Bh3 Qa7 34.
Qxa7+ Kxa7 35. Rxf7+ Kb6 36. Rxd6+ Kc5 37. Rd8 Kd4 38. Rxc8 Rxc8 39. Bxg4 Rg8
40. Rf4 hxg3 41. hxg3 Kxd5 42. Kc1 Rh8 43. Kd2 Rh2+ 44. Be2 Ke5 45. Ke3 Rg2 46.
Rxe4+ 1-0

[Event "Benidorm 2010 - Sub-2000"]
[Site "Benidorm ESP"]
[Date "2010.12.09"]
[Round "8.6"]
[White "Moya De La Flor, Daniel"]
[Black "Perez Garcia, Jose Miguel"]
[Result "1/2-1/2"]
[WhiteElo "1954"]
[BlackElo "1993"]
[PlyCount "107"]
[EventDate "2010.12.03"]
[EventType "swiss"]
[EventRounds "10"]
[EventCountry "ESP"]
[Source "lmi"]
[SourceDate "2010.12.03"]

1. e4 c5 2. Nf3 e6 3. d4 cxd4 4. Nxd4 a6 5. c4 Nf6 6. Nc3 Qc7 7. a3 b6 8. Be3
Bb7 9. f3 d6 10. Be2 Nbd7 11. Rc1 Be7 12. O-O O-O 13. Qd2 Rac8 14. b4 Qb8 15.
Rc2 Bd8 16. Kh1 Bc7 17. Bg1 Rfe8 18. Na4 h6 19. Rb1 Qa8 20. Qc1 e5 21. Nf5 Nxe4
22. c5 dxc5 23. bxc5 bxc5 24. Nxc5 Ndxc5 25. Bxc5 Bd8 26. Rxb7 Bg5 27. Qg1 Rxc5
28. Rxc5 Nxc5 29. Rxf7 Kxf7 30. Nd6+ Kf8 31. Nxe8 Qc6 32. f4 Bxf4 33. Bh5 g6
34. Bf3 e4 35. Nf6 Kf7 36. Nxe4 Nxe4 37. Qe1 Qc1 38. Qxc1 Bxc1 39. Bxe4 Bxa3
40. Kg1 g5 41. Kf1 Ke6 42. Ke2 Kd6 43. Kd3 Kc5 44. Kc3 Bc1 45. h3 h5 46. Bf3 h4
47. Kb3 Bd2 48. Ka4 Kd4 49. Bc6 Ke3 50. Bb7 a5 51. Bc6 Kf2 52. Bb7 Kg3 53. Bc6
Be1 54. Bb7 1/2-1/2

[Event "Benidorm 2010 - Sub-2000"]
[Site "Benidorm ESP"]
[Date "2010.12.09"]
[Round "8.7"]
[White "Castrillo Mansego, Pablo"]
[Black "Valdezate Suarez, Fernando"]
[Result "1/2-1/2"]
[WhiteElo "1949"]
[BlackElo "1986"]
[PlyCount "106"]
[EventDate "2010.12.03"]
[EventType "swiss"]
[EventRounds "10"]
[EventCountry "ESP"]
[Source "lmi"]
[SourceDate "2010.12.03"]

1. e4 g6 2. d4 Bg7 3. Nc3 c6 4. Bc4 d5 5. exd5 b5 6. Bb3 b4 7. Na4 cxd5 8. Ne2
Nf6 9. O-O O-O 10. Ng3 h5 11. Re1 h4 12. Nf1 h3 13. g3 Nc6 14. c3 Re8 15. Nc5
e6 16. Bg5 Ne7 17. Qf3 Nh7 18. Bd2 bxc3 19. bxc3 Bd7 20. g4 Bc6 21. Qxh3 e5 22.
dxe5 d4 23. Rad1 dxc3 24. Bxc3 Ng5 25. Qe3 Nf3+ 26. Qxf3 Bxf3 27. Rxd8 Raxd8
28. Ba5 Rc8 29. Ne4 Bxe4 30. Rxe4 Rc5 31. Bb4 Rxe5 32. Rxe5 Bxe5 33. Ba4 Nd5
34. Bxe8 Nxb4 35. a4 Kf8 36. Bb5 Nd5 37. Nd2 Nc3 38. Bc6 g5 39. Ne4 Nxe4 40.
Bxe4 Bd4 41. Kg2 f6 42. f4 Kg7 43. fxg5 fxg5 44. Kf3 Kf6 45. Bf5 Bb6 46. Ke4
Bf2 47. Kd5 Bg1 48. h3 Bf2 49. a5 Bg1 50. Kd6 Bf2 51. Kd7 Bg1 52. a6 Bf2 53.
Ke8 Bc5 1/2-1/2

[Event "Benidorm 2010 - Sub-2000"]
[Site "Benidorm ESP"]
[Date "2010.12.09"]
[Round "8.8"]
[White "Rubio Trigueros, Jose Luis"]
[Black "Proorocu, Aurel-george"]
[Result "1/2-1/2"]
[WhiteElo "1931"]
[BlackElo "1962"]
[PlyCount "68"]
[EventDate "2010.12.03"]
[EventType "swiss"]
[EventRounds "10"]
[EventCountry "ESP"]
[Source "lmi"]
[SourceDate "2010.12.03"]

1. d4 d5 2. c4 e6 3. Nc3 Nf6 4. cxd5 exd5 5. Bg5 Be7 6. e3 O-O 7. Bd3 Nbd7 8.
Qc2 c6 9. Nge2 Re8 10. O-O Nf8 11. f3 Bd7 12. Rad1 Rc8 13. Qd2 Qb6 14. Kh1 Ne6
15. Bh4 Rcd8 16. Bf2 Qc7 17. Rc1 Qb8 18. Bg1 c5 19. Bb1 Bc6 20. a3 Bd6 21. Ba2
cxd4 22. exd4 Nf4 23. Rcd1 Bb5 24. Rfe1 Nxe2 25. Nxe2 Ba4 26. b3 Bc6 27. b4 Ba4
28. Rb1 Rc8 29. Nc3 Bc6 30. Rxe8+ Rxe8 31. Re1 a6 32. Rxe8+ Qxe8 33. Qe3 Qxe3
34. Bxe3 h6 1/2-1/2

[Event "Benidorm 2010 - Sub-2000"]
[Site "Benidorm ESP"]
[Date "2010.12.09"]
[Round "8.9"]
[White "Medialdea Fernandez, Hernando"]
[Black "Perez Puyal, Jose Joaquin"]
[Result "0-1"]
[WhiteElo "1866"]
[BlackElo "1958"]
[PlyCount "148"]
[EventDate "2010.12.03"]
[EventType "swiss"]
[EventRounds "10"]
[EventCountry "ESP"]
[Source "lmi"]
[SourceDate "2010.12.03"]

1. Nf3 d5 2. d4 Nf6 3. g3 g6 4. Bg2 Bg7 5. O-O O-O 6. c3 c6 7. Nbd2 Bf5 8. Nh4
Be6 9. e4 dxe4 10. Nxe4 Nxe4 11. Bxe4 Bd5 12. Re1 Bxe4 13. Rxe4 e5 14. Nf3 exd4
15. cxd4 Qb6 16. Rb1 Nd7 17. Bg5 Nf6 18. Re2 Nd5 19. Qd2 Qa6 20. a3 Rfe8 21.
Rbe1 Rxe2 22. Rxe2 h6 23. Be3 Re8 24. Re1 Kh7 25. h4 Nf6 26. Qc2 Qa5 27. Bd2
Rxe1+ 28. Bxe1 Qd5 29. Qe2 Qh5 30. Bd2 Nd5 31. Qe4 Nf6 32. Qf4 Qd5 33. Ne5 Kg8
34. Be3 Qe6 35. Qf3 Qd5 36. Kg2 c5 37. Qxd5 Nxd5 38. Nf3 c4 39. Bd2 b5 40. Kf1
Kf8 41. Ke2 Ke7 42. Ne5 Bxe5 43. dxe5 h5 44. Kf3 Ke6 45. Ke4 Nb6 46. Kd4 Nd7
47. f4 a6 48. Bb4 Nb6 49. Ba5 Nd7 50. Bd8 Nb8 51. Kc5 Kd7 52. Ba5 Nc6 53. Bc3
Kc7 54. a4 bxa4 55. Kxc4 Ne7 56. Kc5 Nf5 57. Be1 Ne3 58. Bf2 Nc2 59. Kc4 a3 60.
bxa3 Nxa3+ 61. Kd5 Kd7 62. Kc5 a5 63. Be1 a4 64. Bc3 Nc2 65. Kc4 Ne3+ 66. Kd3
Nd5 67. Bb2 Ke6 68. Ba3 Ne7 69. Ke4 Nf5 70. Kf3 Nd4+ 71. Ke4 Nc2 72. Bb2 a3 73.
Bc3 a2 74. Kf3 Kf5 0-1

[Event "Benidorm 2010 - Sub-2000"]
[Site "Benidorm ESP"]
[Date "2010.12.09"]
[Round "8.10"]
[White "Laurentiu, Burlacu"]
[Black "Albers, Andreas"]
[Result "1-0"]
[WhiteElo "1955"]
[BlackElo "1932"]
[PlyCount "83"]
[EventDate "2010.12.03"]
[EventType "swiss"]
[EventRounds "10"]
[EventCountry "ESP"]
[Source "lmi"]
[SourceDate "2010.12.03"]

1. Nf3 Nf6 2. c4 g6 3. b3 Bg7 4. Bb2 O-O 5. d4 d6 6. Nc3 Nbd7 7. e4 c5 8. Be2
cxd4 9. Qxd4 Nc5 10. e5 Ng4 11. b4 Nxe5 12. Qd2 Nxf3+ 13. Bxf3 Ne6 14. O-O Nd4
15. Bd5 Nc6 16. Ne4 Qb6 17. Bxg7 Kxg7 18. b5 Ne5 19. Qb2 f6 20. a4 e6 21. c5
dxc5 22. Ba2 Qc7 23. f4 Ng4 24. Rf3 b6 25. h3 Nh6 26. Ng5 Re8 27. Re1 e5 28.
fxe5 Rxe5 29. Rfe3 Rxe3 30. Rxe3 Nf5 31. Re8 c4 32. Ne4 c3 33. Rg8+ Kh6 34.
Qc1+ g5 35. Rxg5 Bb7 36. Rxf5+ Kg7 37. Qxc3 Qxc3 38. Nxc3 Rc8 39. Bd5 Rc5 40.
g4 Bc8 41. Ne4 Rc2 42. Rxf6 1-0

[Event "Benidorm 2010 - Sub-2000"]
[Site "Benidorm ESP"]
[Date "2010.12.09"]
[Round "8.12"]
[White "Fuertes Romo, Jose Manuel"]
[Black "Fuentes Arjona, Antonio"]
[Result "0-1"]
[WhiteElo "1933"]
[BlackElo "1996"]
[PlyCount "90"]
[EventDate "2010.12.03"]
[EventType "swiss"]
[EventRounds "10"]
[EventCountry "ESP"]
[Source "lmi"]
[SourceDate "2010.12.03"]

1. e4 c5 2. Nf3 Nc6 3. d4 cxd4 4. Nxd4 Nf6 5. Nc3 g6 6. Be3 Bg7 7. f3 O-O 8.
Bc4 Qb6 9. Bb3 Ng4 10. fxg4 Bxd4 11. Bxd4 Qxd4 12. Qxd4 Nxd4 13. Nd5 Nxb3 14.
axb3 a6 15. Nxe7+ Kg7 16. Nxc8 Raxc8 17. O-O-O Rce8 18. Rxd7 Rxe4 19. Rf1 Rxg4
20. Rxb7 Rxg2 21. c4 Rxh2 22. b4 h5 23. c5 Re2 24. Rb6 Re6 25. Rxe6 fxe6 26.
Rd1 Rc8 27. Rd7+ Kf6 28. Kd2 Rb8 29. Kc3 h4 30. Kc4 g5 31. c6 g4 32. Rh7 h3 33.
Kc5 Rb5+ 34. Kc4 Rg5 35. c7 Rg8 36. Kd3 Kg6 37. Rh4 Kg5 38. Rh7 Kf4 39. Ke2 Kg3
40. Rd7 Rc8 41. Kf1 Rf8+ 42. Ke2 h2 43. Rd8 h1=Q 44. c8=Q Qe4+ 45. Kd1 Rxd8+
0-1

[Event "Benidorm 2010 - Sub-2000"]
[Site "Benidorm ESP"]
[Date "2010.12.09"]
[Round "8.13"]
[White "Garcia-castany, Musellas Gal La"]
[Black "Morant Amezaga, Elies"]
[Result "1-0"]
[WhiteElo "1863"]
[BlackElo "1996"]
[PlyCount "57"]
[EventDate "2010.12.03"]
[EventType "swiss"]
[EventRounds "10"]
[EventCountry "ESP"]
[Source "lmi"]
[SourceDate "2010.12.03"]

1. e4 e5 2. Nf3 Nc6 3. Bb5 Nd4 4. Nxd4 exd4 5. O-O c6 6. Bc4 d6 7. d3 Nf6 8.
Nd2 Be7 9. f4 d5 10. Bb3 dxe4 11. Nxe4 O-O 12. Qf3 Nxe4 13. dxe4 Be6 14. e5 Qc7
15. Qe4 Bxb3 16. axb3 f6 17. e6 Rfd8 18. f5 h6 19. Bf4 Bd6 20. Rae1 Bxf4 21.
Qxf4 Qe7 22. Rd1 c5 23. Rd3 Kf8 24. Rff3 b5 25. Rh3 Kg8 26. Rdg3 Kh8 27. Rxh6+
gxh6 28. Qxh6+ Qh7 29. Qxf6+ 1-0

[Event "Benidorm 2010 - Sub-2000"]
[Site "Benidorm ESP"]
[Date "2010.12.09"]
[Round "8.14"]
[White "Kolev, Vasil"]
[Black "Moya Albaladejo, Jose Antonio"]
[Result "1-0"]
[WhiteElo "1991"]
[BlackElo "1929"]
[PlyCount "93"]
[EventDate "2010.12.03"]
[EventType "swiss"]
[EventRounds "10"]
[EventCountry "ESP"]
[Source "lmi"]
[SourceDate "2010.12.03"]

1. d4 Nf6 2. c4 g6 3. Nc3 Bg7 4. e4 d6 5. f3 O-O 6. Be3 c5 7. Nge2 Nc6 8. dxc5
dxc5 9. Qxd8 Rxd8 10. Bxc5 Nd7 11. Ba3 Nde5 12. Nf4 Nd4 13. O-O-O Bh6 14. g3
Nexf3 15. Bxe7 Re8 16. Ncd5 Bg7 17. Nf6+ Bxf6 18. Bxf6 Nc6 19. Bg2 Nfe5 20. Nd5
Bg4 21. Bxe5 Nxe5 22. Nf6+ Kf8 23. Rd5 Re6 24. Nxh7+ Kg7 25. Ng5 Re7 26. b3 f6
27. Nh3 Be6 28. Rd6 Bxh3 29. Bxh3 Nf3 30. Bg2 Ng5 31. h4 Nxe4 32. Bxe4 Rxe4 33.
Rd7+ Kh6 34. Rxb7 Re2 35. Kb1 Rg2 36. Rc1 Rxg3 37. c5 Re3 38. c6 a5 39. c7 Rc8
40. Rb8 Ree8 41. Rxc8 Rxc8 42. a3 f5 43. b4 axb4 44. axb4 f4 45. b5 f3 46. b6
f2 47. Rf1 1-0

[Event "Benidorm 2010 - Sub-2000"]
[Site "Benidorm ESP"]
[Date "2010.12.09"]
[Round "8.15"]
[White "Salgado Gonzalez, Julio"]
[Black "Amoros Moran, Jose Joaquin"]
[Result "1/2-1/2"]
[WhiteElo "1843"]
[BlackElo "1989"]
[PlyCount "110"]
[EventDate "2010.12.03"]
[EventType "swiss"]
[EventRounds "10"]
[EventCountry "ESP"]
[Source "lmi"]
[SourceDate "2010.12.03"]

1. d4 Nf6 2. Bf4 g6 3. e3 d6 4. Nf3 Bg7 5. Bc4 b6 6. Nbd2 O-O 7. Qe2 c5 8. c3
Nbd7 9. h3 Bb7 10. e4 Nh5 11. Bh2 e5 12. dxc5 dxc5 13. Rd1 Qe7 14. O-O Nhf6 15.
Bg3 Nh5 16. Bh2 Nhf6 17. Bg3 Nh5 18. Bh2 Nf4 19. Bxf4 exf4 20. Nh2 Kh8 21. Rfe1
Be5 22. Ng4 f6 23. Nf3 Rad8 24. Rd3 h5 25. Ngh2 Nb8 26. Red1 Rxd3 27. Rxd3 Bc7
28. Bd5 Bxd5 29. Rxd5 Re8 30. Nh4 Qf7 31. Qd3 Re5 32. N2f3 Rxd5 33. exd5 Kg7
34. c4 Bd6 35. Nd2 Nd7 36. Nhf3 Ne5 37. Nxe5 Bxe5 38. b3 f5 39. Nf3 Bd6 40. Ng5
Qf6 41. Ne6+ Kh7 42. Qd2 Qa1+ 43. Kh2 f3+ 44. g3 Be7 45. Qd3 Qxa2 46. Qxf3 Qb2
47. Nf4 Qe5 48. Qe3 Bd6 49. Qxe5 Bxe5 50. Nd3 Bd6 51. Kg2 Kg7 52. f3 Kf6 53. h4
Ke7 54. f4 Kf6 55. Kf3 Bb8 1/2-1/2

[Event "Benidorm 2010 - Sub-2000"]
[Site "Benidorm ESP"]
[Date "2010.12.09"]
[Round "8.20"]
[White "Alcaraz Lopez, Francesc"]
[Black "Iglesias Fernandez, Luis"]
[Result "1-0"]
[WhiteElo "1958"]
[BlackElo "1879"]
[PlyCount "75"]
[EventDate "2010.12.03"]
[EventType "swiss"]
[EventRounds "10"]
[EventCountry "ESP"]
[Source "lmi"]
[SourceDate "2010.12.03"]

1. c4 e5 2. Nc3 Nc6 3. Nf3 f5 4. d3 Nf6 5. g3 Bc5 6. Bg2 O-O 7. O-O d6 8. Na4
Qe8 9. Nxc5 dxc5 10. a3 Nd4 11. b4 Nxf3+ 12. Bxf3 cxb4 13. axb4 e4 14. Bg2 Ng4
15. dxe4 Be6 16. Qc2 Qh5 17. h3 Ne5 18. Ra5 Nxc4 19. Rc5 c6 20. Rxc4 Bxc4 21.
Qxc4+ Kh8 22. e5 Rae8 23. f4 Qg6 24. Kh2 h5 25. h4 Rd8 26. Be3 a6 27. Bc5 Rfe8
28. Bd6 Re6 29. Bf3 Qe8 30. Rd1 g6 31. e4 fxe4 32. Bxe4 Qf7 33. Rf1 Rg8 34. f5
gxf5 35. Rxf5 Qg6 36. Rg5 Qf7 37. Qxe6 Qf2+ 38. Bg2 1-0

[Event "Benidorm 2010 - Sub-2000"]
[Site "Benidorm ESP"]
[Date "2010.12.10"]
[Round "9.1"]
[White "Bote Kobolo, Benjamin"]
[Black "Mingarro Carceller, Sergio"]
[Result "0-1"]
[WhiteElo "1991"]
[BlackElo "1917"]
[PlyCount "60"]
[EventDate "2010.12.03"]
[EventType "swiss"]
[EventRounds "10"]
[EventCountry "ESP"]
[Source "lmi"]
[SourceDate "2010.12.03"]

1. e4 e6 2. Nf3 d5 3. Nc3 Nf6 4. exd5 exd5 5. d4 Bf5 6. Bd3 Bxd3 7. Qxd3 c6 8.
O-O Be7 9. Bg5 O-O 10. Rae1 Re8 11. Nh4 g6 12. Bh6 Bd6 13. Qd2 Bf8 14. Bxf8
Kxf8 15. Nf5 gxf5 16. Qh6+ Kg8 17. Rxe8+ Nxe8 18. Re1 Nd7 19. Re3 Qf6 20. Rg3+
Kh8 21. Qf4 Nd6 22. Nd1 Nf8 23. Rh3 Ng6 24. Qh6 Qg7 25. Qg5 Qxd4 26. Ne3 f4 27.
Qh5 Qg7 28. Ng4 Re8 29. Kf1 Ne4 30. g3 Nd2+ 0-1

[Event "Benidorm 2010 - Sub-2000"]
[Site "Benidorm ESP"]
[Date "2010.12.10"]
[Round "9.2"]
[White "Perez Puyal, Jose Joaquin"]
[Black "Rubio Tent, Francisco"]
[Result "1/2-1/2"]
[WhiteElo "1958"]
[BlackElo "1980"]
[PlyCount "125"]
[EventDate "2010.12.03"]
[EventType "swiss"]
[EventRounds "10"]
[EventCountry "ESP"]
[Source "lmi"]
[SourceDate "2010.12.03"]

1. d4 d5 2. Nf3 Nf6 3. e3 Bg4 4. c4 c6 5. Qb3 Qb6 6. Qxb6 axb6 7. Ne5 Bf5 8.
Nc3 e6 9. cxd5 exd5 10. Be2 Bb4 11. O-O O-O 12. Bd2 Nbd7 13. f4 Bxc3 14. Bxc3
Ne4 15. Rfc1 f6 16. Nxd7 Bxd7 17. Bf3 Rfe8 18. Bxe4 Rxe4 19. Bd2 Kf7 20. a3 Bf5
21. Kf2 Re7 22. Bb4 Rd7 23. Rg1 h5 24. Rac1 Ke6 25. Bd2 Rc8 26. Rc3 Be4 27.
Rgc1 g5 28. g3 h4 29. g4 f5 30. Rg1 Rg8 31. Rcc1 Rdg7 32. gxf5+ Kxf5 33. Rxg5+
Rxg5 34. fxg5 Rxg5 35. Rg1 Rxg1 36. Kxg1 Bf3 37. Be1 Ke4 38. Kf2 Bg4 39. Bd2
Kd3 40. Be1 c5 41. Bc3 Bd1 42. dxc5 bxc5 43. Bf6 h3 44. Bg7 Bg4 45. Bf6 d4 46.
exd4 cxd4 47. Ke1 Ke3 48. Bg5+ Kd3 49. Bf6 Bh5 50. Bg7 b6 51. Bf6 b5 52. Bg7
Bf7 53. Bf6 Bh5 54. Bg7 Ke3 55. Bh6+ Kd3 56. Bg7 Bg6 57. Bf6 Ke3 58. Bg5+ Kf3
59. Kd2 Kg2 60. Bf4 Bf5 61. Be5 Be4 62. Bd6 Bg6 63. Be5 1/2-1/2